| 000 | 00726nam a22002057a 4500 | ||
|---|---|---|---|
| 005 | 20251108165446.0 | ||
| 008 | 250721s1992 xx 000 0 ara d | ||
| 082 | 1 | 4 | _aم/217.12/سمع |
| 100 | 1 | _aالسمعاني، منصور بن محمد بن عبد الجبار بن | |
| 245 | 1 | 0 | _aالإصطلام في الخلاف بين الإمامين الشافعي و أبي حنيفة / |
| 264 | 1 |
_aالقاهره : _bدار المنار، _c1992. |
|
| 300 | _aج | ||
| 650 | 1 | 7 | _aالفقهاء المسلمون |
| 650 | 1 | 7 | _aالفقه الإسلامي |
| 650 | 1 | 7 | _aفقه السنة |
| 650 | 1 | 7 | _aالإسلام |
| 700 | 1 |
_aالعمري، نايف بن نافع _eتحقيق |
|
| 942 |
_2ddc _cREF |
||
| 999 |
_c28441 _d28441 |
||